| 000 | 00877cam a22002054a 4500 | ||
|---|---|---|---|
| 005 | 20250605164210.0 | ||
| 008 | 250528s ||||||||||||||||||||||||d | ||
| 035 | _a20200 | ||
| 040 |
_aGR-AtMCL _bgre _dGR-AtMCL _eAACR2 |
||
| 245 | 1 | _aReports 6 / Shipbuilding and Shiprepairing Industry in Greece | |
| 260 | _c1991 | ||
| 300 | _a128 | ||
| 520 | _aThe Sectoral Environment, Introduction, Overview of the Sector, Production and Demand, International Competition, Enterprises, National and EC Sectoral Policies, The Internal Factors, Finance, Physical Capital, Labour and Employment and Wages, Costs and Productivity, Marketing and Management, Conclusions, Annexes, Tables. | ||
| 700 | 1 |
_aSpathi Sophia K _96236 |
|
| 700 | 1 |
_aTzamoulakis Frangiscos G _96237 |
|
| 942 | _cBK | ||
| 710 | 2 |
_aCentre Of Planning And Economic Research _99782 |
|
| 999 |
_c5335 _d5335 |
||